USA Battle Royale: Day 1 - Statistics

General Stats
  • This quiz has been taken 855 times
  • The average score is 5 of 10
Answer Stats
Question Answer % Correct
Alaska Yes, I want to save this state from elimination.
61%
Idaho Yes, I want to save this state from elimination.
52%
Missouri Yes, I want to save this state from elimination.
52%
Kansas Yes, I want to save this state from elimination.
50%
South Dakota Yes, I want to save this state from elimination.
49%
Nebraska Yes, I want to save this state from elimination.
49%
Montana Yes, I want to save this state from elimination.
47%
Iowa Yes, I want to save this state from elimination.
47%
Wyoming Yes, I want to save this state from elimination.
46%
North Dakota Yes, I want to save this state from elimination.
43%
No matching quizzes found
Score Distribution
Percent of People with Each Score
Percentile by Number Answered
Your Score History
You have not taken this quiz